书目信息 |
| 题名: |
上海通史
|
|
| 作者: | 陈祖恩 , 叶斌 , 李天纲 著 | |
| 分册: | 第11卷 | |
| 出版信息: | 上海 上海人民出版社 1999.09 |
|
| 页数: | 338页 | |
| 开本: | 21cm | |
| 丛书名: | ||
| 单 册: | ||
| 中图分类: | K295.1 | |
| 科图分类: | ||
| 主题词: | 地方史--上海 , 政治史--上海--当代 | |
| 电子资源: | ||
| ISBN: | 7-208-03214-9 | |
| 000 | 00743nam0 2200241 45 | |
| 001 | 0211121499 | |
| 005 | 20031219104100.1 | |
| 010 | @a7-208-03214-9@b精装@dCNY38.00 | |
| 100 | @a20021112d1999 km y0chiy0120 ea | |
| 101 | 0 | @achi |
| 105 | @aa z 000yy | |
| 200 | 1 | @a上海通史@h第11卷@e当代政治@EDang Dai Zheng Zhi@AShang Hai Tong Shi@f陈祖恩,叶斌,李天纲著@FChen Zu En,Ye Bin,Li Tian Gang Zhu |
| 210 | @a上海@c上海人民出版社@d1999.09 | |
| 215 | @a338页@c插图@d21cm | |
| 517 | @a当代政治@ADang Dai Zheng Zhi | |
| 606 | 0 | @a地方史@y上海 |
| 606 | 0 | @a政治史@y上海@z当代 |
| 690 | @aK295.1@v4 | |
| 701 | 0 | @a陈祖恩@4著 |
| 701 | 0 | @a叶斌@4著 |
| 701 | 0 | @a李天纲@4著 |
| 801 | @aCN@bTSTC@c20021112 | |
| 905 | @b317372-376@dK295.1@e111:11@f5 | |
| 上海通史.第11卷:当代政治/陈祖恩,叶斌,李天纲著.-上海:上海人民出版社,1999.09 |
| 338页:插图;21cm |
| ISBN 7-208-03214-9(精装):CNY38.00 |
| ● |
| 相关链接 |
|
|
|
|
正题名:上海通史
索取号:K295.1/111:11
 
预约/预借
| 序号 | 登录号 | 条形码 | 馆藏地/架位号 | 状态 | 备注 |
| 1 | 0317372 | 203173724 | 第二借阅区/ [索取号:K295.1/111:11] | 在馆 | |
| 2 | 0317373 | 203173733 | 第二借阅区/ [索取号:K295.1/111:11] | 在馆 | |
| 3 | 0317374 | 203173742 | 密集书库/ [索取号:K295.1/111:11] | 在馆 | |
| 4 | 0317375 | 203173751 | 密集书库/ [索取号:K295.1/111:11] | 在馆 | |
| 5 | 0317376 | 203173760 | 第二样本阅览室/ [索取号:K295.1/111:11] | 在馆 |